[Event "BCF-chT4 2223 (4NCL)"]
[Site "England"]
[Date "2023.04.30"]
[Round "10.145"]
[White "Rao, Shree"]
[Black "Paull, James"]
[Result "1-0"]
[WhiteElo "1447"]
[BlackElo "1405"]
[PlyCount "57"]
[EventDate "2022.11.05"]
[EventType "team-swiss"]
[EventRounds "11"]
[EventCountry "ENG"]
[SourceTitle "EXT 2024"]
[Source "ChessBase"]
[SourceDate "2023.10.10"]
[SourceVersion "1"]
[SourceVersionDate "2023.10.10"]
[SourceQuality "1"]
[WhiteTeam "Crowthorne II"]
[BlackTeam "Deaf England"]
[WhiteTeamCountry "ENG"]
[BlackTeamCountry "ENG"]

1. e4 e5 2. Nf3 Nc6 3. Bb5 d6 4. d4 Bd7 5. c3 Nf6 6. Nbd2 exd4 7. cxd4 Ne7 8. Bxd7+ Qxd7 9. 0-0 Ng6 10. Qc2 Be7 11. Nc4 0-0 12. Bd2 Qe6 13. Ng5 Qd7 14. Rad1 Nh5 15. Nh3 Nh4 16. Ne3 Nf3+ 17. Kh1 Nxd4 18. Qd3 Ne6 19. Nf5 Bf6 20. g4 Nc5 21. Qf3 Rae8 22. gxh5 Qc6 23. Rg1 Qxe4 24. Qxe4 Rxe4 25. Ng5 Bxg5 26. Bxg5 f6 27. Bh6 Ne6 28. Nxg7 Kf7 29. Nxe6 1-0

[Event "BCF-chT4 2223 (4NCL)"]
[Site "England"]
[Date "2023.01.08"]
[Round "4.134"]
[White "Paull, James"]
[Black "Burgess, Dan"]
[Result "1/2-1/2"]
[WhiteElo "1405"]
[BlackElo "1520"]
[PlyCount "97"]
[EventDate "2022.11.05"]
[EventType "team-swiss"]
[EventRounds "11"]
[EventCountry "ENG"]
[SourceTitle "EXT 2024"]
[Source "ChessBase"]
[SourceDate "2023.10.10"]
[SourceVersion "1"]
[SourceVersionDate "2023.10.10"]
[SourceQuality "1"]
[WhiteTeam "Deaf England"]
[BlackTeam "Average Wood Pushers II"]
[WhiteTeamCountry "ENG"]
[BlackTeamCountry "ENG"]

1. e4 c5 2. Nf3 d6 3. d4 cxd4 4. Nxd4 Nf6 5. Nc3 a6 6. h3 e6 7. Nb3 Nc6 8. Be3 b5 9. Qf3 Bd7 10. 0-0-0 Be7 11. g4 g6 12. Bd3 Ne5 13. Qg2 Nxd3+ 14. Rxd3 Rc8 15. f3 Qc7 16. a3 Bc6 17. Bf4 Nd7 18. Qd2 Ne5 19. Bxe5 dxe5 20. Rh2 h6 21. h4 g5 22. h5 Rd8 23. Rxd8+ Qxd8 24. Qxd8+ Bxd8 25. Nc5 a5 26. b4 a4 27. Rd2 Be7 28. Nd1 0-0 29. Ne3 Rd8 30. Rxd8+ Bxd8 31. Kd2 Bb6 32. Nd3 Kf8 33. Nxe5 Bxe3+ 34. Kxe3 Be8 35. Kd4 f6 36. Nd3 f5 37. e5 f4 38. c4 bxc4 39. Kxc4 Ke7 40. b5 Kd8 41. Kc5 Kc7 42. Nb4 Bd7 43. Na2 Bc8 44. Nc3 Bb7 45. b6+ Kd7 46. Nd1 Bxf3 47. Nf2 Bd5 48. Kb5 Bc6+ 49. Kc5 1/2-1/2